A course in theoretical statistics : for sixth forms, technical colleges, colleges of education, universities /

Guardado en:
Autor Principal: Rahman, N. A.
Formato: Libro
Idioma:English
Publicado: New York : Hafner, 1968.
Series:Griffin books on statistics and mathematics
Etiquetas: Agregar Etiqueta
Sin Etiquetas, Sea el primero en etiquetar este registro!
LEADER 00740cam a22001815a 4500
001 MAT.inmabb002403
008 690513s1968####nyu###########001#0#eng#d
005 20150706134734.0
245 1 2 |a A course in theoretical statistics :  |b for sixth forms, technical colleges, colleges of education, universities /  |c N. A. Rahman. 
260 |a New York :  |b Hafner,  |c 1968. 
300 |a xv, 542 p. ;  |c 26 cm. 
490 0 |a Griffin books on statistics and mathematics 
505 0 |a Part 1. Mathematical introduction -- Part 2. Statistical mathematics and probability -- Part 3. Statistical inference. 
020 |a 0852640684 
100 1 |a Rahman, N. A.  |q (Najeeb Abdur) 
084 |a 62-01  |2 msc2000 
010 |a  72003701  
859 |h 62  |i R147c  |p A-4081  |b BIB. MATEMATICA